U.S. Presidents Click Chain - Statistics

General Stats
  • This quiz has been taken 140 times
  • The average score is 10 of 45
Answer Stats
Hint Answer % Correct
The only African-American president was... Barack Obama
100%
...who, in 2017, transferred power to... Donald Trump
95%
...who was a Civil War general under the presidency of... Abraham Lincoln
42%
...who was the son of... John Adams
35%
...whose favorite president (who was also a populist) was... Andrew Jackson
33%
...who hid his serious kidney disease hidden from the public, just like polio with... Franklin D. Roosevelt
32%
...who was the father of... George W. Bush
30%
...who was a fifth cousin of... Theodore Roosevelt
30%
...who died on the same day as... Thomas Jefferson
30%
...who died at the age of 100 under the presidency of.... Joe Biden
28%
...whose terms were split up by the presidency of... Benjamin Harrison
27%
...the grandson of... William Henry Harrison
27%
...who was named James, the first president to be named James being... James Madison
25%
...whose VP (John Calhoun) was also the VP of... John Quincy Adams
25%
...who is one of only three Generals of the Armies, along with John Pershing and... Ulysses S. Grant
25%
...who was succeeded by... Andrew Johnson
23%
...who was the most recent president to serve one term since... George H. W. Bush
23%
...who was the shortest serving president, the second shortest being... James A. Garfield
23%
...who oversaw the creation of the Panama Canal, a canal returned to Panama under the presidency of... Jimmy Carter
23%
...who served two full terms, the first democrat to do so after the presidency of... Grover Cleveland
22%
...whose VP was... Richard M. Nixon
22%
...who got the U.S. into the Korean War, which ended under... Dwight D. Eisenhower
20%
...who is considered one of if not the most attractive president, #2 often being cited as fellow Democrat... John F. Kennedy
20%
...who won the highest majority in any election, only behind... George Washington
18%
...whose actions supported the rise of the KKK, an organization actively praised by... Woodrow Wilson
17%
...which was the 4th of July, the same death day as... James Monroe
15%
...who oversaw the largest political scandal since the Teapot Dome scandal under... Warren G. Harding
15%
...who was the first president to die in office since the death of.... William McKinley
15%
...whose last name was very similar to the last name of... Zachary Taylor
15%
...who, when adjusted for inflation, had around the same (high) net worth as Republican... Herbert Hoover
13%
...who is often viewed negatively for his hands-off approach to the Great Depression, the same qualm historians have, in regards to the secession of the Confederacy, to... James Buchanan
13%
...who had a huge beard, the last president with facial hair being.... William Howard Taft
13%
...who was a Half-Breed, the rival Republican faction of the Stalwarts, one of whom was... Chester A. Arthur
12%
...who was rivals with the loser of the 1812 Election, who shared a last name with Madison's first VP and... Bill Clinton
10%
...who was part of the Democratic Party's slogan in 1852 to elect... Franklin Pierce
10%
...who had the second lowest single approval rating, only behind... Harry S. Truman
10%
...who was one of two Whigs to come into power after the president died in office, the other of whom was.... John Tyler
10%
...who fought in the Mexican-American War, which was initiated by... James K. Polk
8%
...whose favorite president was... Calvin Coolidge
7%
...who was appointed to the Warren Commission in 1963 by... Lyndon B. Johnson
7%
...who was very significant in drafting the Constitution, the first president to be born after its implementation being... Martin Van Buren
7%
...who had specially commissioned bathtubs, the first president to install a presidential bathtub being Whig... Millard Fillmore
7%
..who was lifelong friends with Civil War Union officer and president... Rutherford B. Hayes
7%
...who created the Great Society programs, which were strongly opposed by... Ronald Reagan
5%
...who attended but never received a degree from the University College, a constituent college of a university whose name ends with the last name of... Gerald R. Ford
3%
No matching quizzes found
Score Distribution
Percent of People with Each Score
Percentile by Number Answered
Your Score History
You have not taken this quiz